Germany at the FIFA World Cup: No. 1 - Statistics

General Stats
  • This quiz has been taken 37 times
  • The average score is 10 of 17
Answer Stats
Year Club Player % Correct
2010 FC Schalke 04 Manuel Neuer
97%
2014 FC Bayern München Manuel Neuer
97%
2018 FC Bayern München Manuel Neuer
97%
2002 FC Bayern München Oliver Kahn
94%
2006 Arsenal FC Jens Lehmann
82%
1970 FC Bayern München Sepp Maier
70%
1974 FC Bayern München Sepp Maier
70%
1978 FC Bayern München Sepp Maier
70%
1998 Olympique de Marseille Andreas Köpke
52%
1982 1. FC Köln Harald Schumacher
48%
1986 1. FC Köln Harald Schumacher
48%
1990 1. FC Köln Bodo Illgner
36%
1994 1. FC Köln Bodo Illgner
36%
1954 Fortuna Düsseldorf Toni Turek
33%
1962 Westfalia Herne Hans Tilkowski
15%
1966 Borussia Dortmund Hans Tilkowski
15%
1958 Rot-Weiss Essen Fritz Herkenrath
6%
No matching quizzes found
Score Distribution
Percent of People with Each Score
Percentile by Number Answered
Your Score History
You have not taken this quiz